00980nam a22002651 450000100060000000300080000600500170001400800390003103500190007003500180008904000470010704100160015405100300017008200240020010000150022424501560023926000830039530000170047850400450049565100190054065100440055965100560060370000260065970000290068526013BD-RjUL20211209050947.0140320s1950 mau b 001 0 eng a(BD-RjUL)26083 a(OCoLC)311063 aDLCcODaWUdOCoLCdDCHSdDLCdBD-RjULbeng1 aenggrchgrc aPA3966b.A3 1937cCopy 2. a888.9bDIR V-7 19500 aDionysius,14aThe Roman antiquities of Dionysius of Halicarnassus /cwith an English translation by Earnest Cary, on the basis of the version of Edward Spelman.nVII aCambridge, Mass. ;bHarvard University Press ;aLondon :bW. Heinemann,c1950. a7 v.c17 cm. aBibliography: v. 1, p. xlvii. and index. 0aRomexHistory. 0aRomexAntiquitiesvEarly works to 1800. 0aRomexPolitics and governmentvEarly works to 1800.1 aCary, Earnest,d1879-1 aSpelman, Edward,d-1767.